[Event "Asuncion Par de Alfiles"]
[Site "Asuncion"]
[Date "2006.12.11"]
[Round "10"]
[White "Cubas, Jose Fernando"]
[Black "Sosa Harrison, Jorge"]
[Result "1/2-1/2"]
[WhiteElo "2426"]
[BlackElo "2283"]
[PlyCount "31"]
[EventDate "2006.12.05"]
[EventType "tourn"]
[EventRounds "11"]
[EventCountry "PAR"]
[EventCategory "1"]
[SourceTitle "EXT 2008"]
[Source "ChessBase"]
[SourceDate "2007.11.25"]
[SourceVersion "1"]
[SourceVersionDate "2007.11.25"]
[SourceQuality "1"]

1. e4 c5 2. Nf3 Nc6 3. d4 cxd4 4. Nxd4 Nf6 5. Nc3 d6 6. f3 e5 7. Nb3 Be6 8. Nd5
Bxd5 9. exd5 Ne7 10. Bg5 Qb6 11. a4 a6 12. a5 Qc7 13. c4 Ng6 14. g3 Be7 15. Qd2
Nd7 16. Be3 1/2-1/2

[Event "Asuncion Par de Alfiles"]
[Site "Asuncion"]
[Date "2006.12.12"]
[Round "11"]
[White "Peralta, Eduardo"]
[Black "Cubas, Jose Fernando"]
[Result "1/2-1/2"]
[WhiteElo "2279"]
[BlackElo "2426"]
[PlyCount "34"]
[EventDate "2006.12.05"]
[EventType "tourn"]
[EventRounds "11"]
[EventCountry "PAR"]
[EventCategory "1"]
[SourceTitle "EXT 2008"]
[Source "ChessBase"]
[SourceDate "2007.11.25"]
[SourceVersion "1"]
[SourceVersionDate "2007.11.25"]
[SourceQuality "1"]

1. c4 e5 2. Nc3 Nf6 3. Nf3 Nc6 4. a3 d5 5. cxd5 Nxd5 6. Qc2 Be7 7. e3 O-O 8.
Nxd5 Qxd5 9. Bd3 h6 10. O-O Be6 11. Bh7+ Kh8 12. Be4 Qd6 13. b4 Bd5 14. d3 f5
15. Bxd5 Qxd5 16. Bb2 a5 17. e4 Qd6 1/2-1/2

[Event "Passos"]
[Site "Passos"]
[Date "2007.01.21"]
[Round "1"]
[White "Batista, Gerson Peres"]
[Black "Cubas, Jose Fernando"]
[Result "0-1"]
[WhiteElo "2212"]
[BlackElo "2414"]
[PlyCount "72"]
[EventDate "2007.01.21"]
[EventType "tourn"]
[EventRounds "9"]
[EventCountry "BRA"]
[EventCategory "3"]
[SourceTitle "CBM 116 Extra"]
[Source "ChessBase"]
[SourceDate "2007.03.07"]
[SourceVersion "1"]
[SourceVersionDate "2007.03.07"]
[SourceQuality "1"]

1. e4 e6 2. d4 d5 3. e5 c5 4. c3 Nc6 5. Nf3 Nge7 6. Bd3 cxd4 7. cxd4 Nf5 8.
Bxf5 exf5 9. Nc3 Be6 10. Ne2 h6 11. h4 g6 12. Nf4 Qb6 13. Kf1 Be7 14. g3 Kd7
15. Kg2 g5 16. Nxe6 fxe6 17. hxg5 hxg5 18. Bxg5 Bxg5 19. Nxg5 Nxd4 20. Qa4+ Nc6
21. Nf7 Rhe8 22. Qa3 Qb4 23. Qxb4 Nxb4 24. Nd6 Re7 25. Rh4 Nd3 26. f4 b6 27.
Rd1 Nxb2 28. Rd4 Rg7 29. g4 Rxg4+ 30. Rxg4 fxg4 31. Kg3 Rg8 32. Ne4 Kc6 33. Nf6
Rg7 34. Nxg4 Kc5 35. Rd2 Nc4 36. Re2 d4 0-1

[Event "Passos"]
[Site "Passos"]
[Date "2007.01.22"]
[Round "2"]
[White "Cubas, Jose Fernando"]
[Black "Ladeira, Joao Bosco Amado"]
[Result "1-0"]
[WhiteElo "2414"]
[BlackElo "2330"]
[PlyCount "67"]
[EventDate "2007.01.21"]
[EventType "tourn"]
[EventRounds "9"]
[EventCountry "BRA"]
[EventCategory "3"]
[SourceTitle "CBM 116 Extra"]
[Source "ChessBase"]
[SourceDate "2007.03.07"]
[SourceVersion "1"]
[SourceVersionDate "2007.03.07"]
[SourceQuality "1"]

1. e4 c5 2. Nf3 e6 3. d4 cxd4 4. Nxd4 a6 5. Nc3 Qc7 6. Bd3 Nf6 7. O-O Be7 8.
Kh1 d6 9. f4 Nc6 10. Nxc6 bxc6 11. e5 dxe5 12. fxe5 Qxe5 13. Bf4 Qa5 14. Qd2
Nd5 15. Bg3 Nxc3 16. Qxc3 O-O 17. Qxc6 Qd5 18. Qxd5 exd5 19. Rae1 Be6 20. Bf5
Rac8 21. c3 Rc6 22. Be5 Rfc8 23. a4 Bf8 24. Bd3 Bd6 25. Bd4 Rb8 26. b4 Be7 27.
Kg1 h6 28. b5 axb5 29. axb5 Rcc8 30. Bf5 Bxf5 31. Rxe7 Be6 32. b6 Rc6 33. Rb1
Kf8 34. Ra7 1-0

[Event "Passos"]
[Site "Passos"]
[Date "2007.01.22"]
[Round "3"]
[White "Sanchez, Fernando"]
[Black "Cubas, Jose Fernando"]
[Result "0-1"]
[WhiteElo "2251"]
[BlackElo "2414"]
[PlyCount "64"]
[EventDate "2007.01.21"]
[EventType "tourn"]
[EventRounds "9"]
[EventCountry "BRA"]
[EventCategory "3"]
[SourceTitle "CBM 116 Extra"]
[Source "ChessBase"]
[SourceDate "2007.03.07"]
[SourceVersion "1"]
[SourceVersionDate "2007.03.07"]
[SourceQuality "1"]

1. e4 e6 2. d4 d5 3. e5 c5 4. c3 Qb6 5. a3 Nc6 6. Nf3 Bd7 7. b4 cxd4 8. cxd4
Rc8 9. Be3 Nh6 10. Nbd2 Ne7 11. Rc1 a5 12. b5 Ng4 13. Rxc8+ Nxc8 14. Qb3 Qc7
15. Nb1 Nxe3 16. Qxe3 Qc2 17. Bd3 Qb3 18. Qe2 Bxa3 19. Nxa3 Qxa3 20. O-O h6 21.
Ne1 Na7 22. b6 Nc6 23. Nf3 Nb4 24. Bb5 Bxb5 25. Qxb5+ Nc6 26. h3 O-O 27. Rb1 a4
28. Qf1 Ra8 29. Qd1 Qc3 30. Rc1 Qa5 31. Ra1 a3 32. Qb3 Ra6 0-1

[Event "Passos"]
[Site "Passos"]
[Date "2007.01.23"]
[Round "4"]
[White "Cubas, Jose Fernando"]
[Black "Frederico, Gazel"]
[Result "1-0"]
[WhiteElo "2414"]
[BlackElo "2190"]
[PlyCount "71"]
[EventDate "2007.01.21"]
[EventType "tourn"]
[EventRounds "9"]
[EventCountry "BRA"]
[EventCategory "3"]
[SourceTitle "CBM 116 Extra"]
[Source "ChessBase"]
[SourceDate "2007.03.07"]
[SourceVersion "1"]
[SourceVersionDate "2007.03.07"]
[SourceQuality "1"]

1. e4 d5 2. exd5 Qxd5 3. Nc3 Qa5 4. d4 Nf6 5. Nf3 c6 6. Bc4 Bf5 7. Bd2 e6 8.
Nd5 Qd8 9. Nxf6+ Qxf6 10. Qe2 Bg4 11. d5 Bxf3 12. gxf3 cxd5 13. Bxd5 Nc6 14.
O-O-O Ba3 15. c3 Be7 16. Be4 h6 17. Rhg1 Bd6 18. Rg4 Ke7 19. Qb5 Rac8 20. Qxb7+
Rc7 21. Qa6 Nb4 22. Qa4 Rhc8 23. Kb1 Nd5 24. Bxd5 exd5 25. Qd4 Qxf3 26. Re1+
Kd7 27. Rxg7 Rc4 28. Qxa7+ R8c7 29. Qe3 Qf5+ 30. Ka1 Re4 31. Qb6 Rxe1+ 32. Bxe1
Qc2 33. a3 Qd1+ 34. Ka2 Qxe1 35. Rxf7+ Ke6 36. Rxc7 1-0

[Event "Passos"]
[Site "Passos"]
[Date "2007.01.24"]
[Round "6"]
[White "Dos Santos, Francisco Jose"]
[Black "Cubas, Jose Fernando"]
[Result "0-1"]
[WhiteElo "2207"]
[BlackElo "2414"]
[PlyCount "56"]
[EventDate "2007.01.21"]
[EventType "tourn"]
[EventRounds "9"]
[EventCountry "BRA"]
[EventCategory "3"]
[SourceTitle "CBM 116 Extra"]
[Source "ChessBase"]
[SourceDate "2007.03.07"]
[SourceVersion "1"]
[SourceVersionDate "2007.03.07"]
[SourceQuality "1"]

1. Nf3 Nf6 2. d4 h6 3. h3 g5 4. Nc3 Bg7 5. e4 d6 6. Bc4 e6 7. Be3 a6 8. e5 Nfd7
9. d5 Nxe5 10. Nxe5 Bxe5 11. dxe6 Bxe6 12. Bxe6 fxe6 13. Qh5+ Kd7 14. O-O-O Nc6
15. Ne4 Qe7 16. g3 Raf8 17. h4 Qg7 18. c3 g4 19. f3 gxf3 20. g4 Kc8 21. Rdf1
Bf4 22. Rxf3 Ne5 23. Bxf4 Rxf4 24. Re3 Rxg4 25. Rf1 Rg1 26. Rd1 Rf8 27. Nc5
Rxd1+ 28. Kxd1 Qg1+ 0-1

[Event "Passos"]
[Site "Passos"]
[Date "2007.01.25"]
[Round "7"]
[White "Cubas, Jose Fernando"]
[Black "Molina, Roberto Junio Brito"]
[Result "1/2-1/2"]
[WhiteElo "2414"]
[BlackElo "2336"]
[PlyCount "33"]
[EventDate "2007.01.21"]
[EventType "tourn"]
[EventRounds "9"]
[EventCountry "BRA"]
[EventCategory "3"]
[SourceTitle "CBM 116 Extra"]
[Source "ChessBase"]
[SourceDate "2007.03.07"]
[SourceVersion "1"]
[SourceVersionDate "2007.03.07"]
[SourceQuality "1"]

1. e4 c6 2. d4 d5 3. e5 Bf5 4. Be3 Qb6 5. Qc1 e6 6. c4 dxc4 7. Nd2 Bd3 8. Bxd3
cxd3 9. Ngf3 Qd8 10. O-O Ne7 11. Rd1 Nd5 12. Bg5 Be7 13. Ne4 O-O 14. Rxd3 Nd7
15. Qd2 f6 16. exf6 N7xf6 17. Re1 1/2-1/2

[Event "Passos"]
[Site "Passos"]
[Date "2007.01.25"]
[Round "8"]
[White "Alonso, Salvador"]
[Black "Cubas, Jose Fernando"]
[Result "0-1"]
[WhiteElo "2419"]
[BlackElo "2414"]
[PlyCount "58"]
[EventDate "2007.01.21"]
[EventType "tourn"]
[EventRounds "9"]
[EventCountry "BRA"]
[EventCategory "3"]
[SourceTitle "CBM 116 Extra"]
[Source "ChessBase"]
[SourceDate "2007.03.07"]
[SourceVersion "1"]
[SourceVersionDate "2007.03.07"]
[SourceQuality "1"]

1. e4 e6 2. d4 d5 3. Nc3 Nf6 4. Bg5 Bb4 5. e5 h6 6. Bd2 Bxc3 7. bxc3 Ne4 8. Qg4
g6 9. Bd3 Nxd2 10. Kxd2 c5 11. h4 Bd7 12. h5 g5 13. f4 Nc6 14. fxg5 Qa5 15. Nf3
cxd4 16. gxh6 O-O-O 17. Qf4 dxc3+ 18. Ke2 f6 19. Qxf6 Rdf8 20. Qh4 Qc7 21. Rae1
Rxh6 22. Kd1 Be8 23. Qg5 Rhh8 24. Qg4 Rhg8 25. Qxe6+ Bd7 26. Qd6 Qb6 27. e6 Be8
28. Rh2 Rxf3 29. gxf3 Rg1 0-1

[Event "Necochea-A"]
[Site "Necochea"]
[Date "2007.02.14"]
[Round "1"]
[White "Cubas, Jose Fernando"]
[Black "Airando, Martin"]
[Result "1-0"]
[WhiteElo "2414"]
[BlackElo "2229"]
[PlyCount "47"]
[EventDate "2007.02.14"]
[EventType "tourn"]
[EventRounds "9"]
[EventCountry "ARG"]
[EventCategory "3"]
[SourceTitle "CBM 116 Extra"]
[Source "ChessBase"]
[SourceDate "2007.03.07"]
[SourceVersion "1"]
[SourceVersionDate "2007.03.07"]
[SourceQuality "1"]

1. e4 c5 2. Nf3 g6 3. d4 cxd4 4. Nxd4 Nc6 5. Nc3 Bg7 6. Nb3 Nf6 7. g4 d6 8. g5
Nd7 9. f4 h6 10. gxh6 Bxc3+ 11. bxc3 Nf6 12. c4 Bg4 13. Be2 Qd7 14. Bb2 e5 15.
c5 Rxh6 16. cxd6 Bxe2 17. Qxe2 Qg4 18. Qxg4 Nxg4 19. fxe5 Ncxe5 20. O-O-O Nc4
21. d7+ Kd8 22. h3 Nge5 23. Rd5 Nxb2 24. Rxe5 1-0

[Event "Necochea-A"]
[Site "Necochea"]
[Date "2007.02.15"]
[Round "2"]
[White "Cubas, Jose Fernando"]
[Black "Zuriel, Marisa"]
[Result "1-0"]
[WhiteElo "2414"]
[BlackElo "2197"]
[PlyCount "77"]
[EventDate "2007.02.14"]
[EventType "tourn"]
[EventRounds "9"]
[EventCountry "ARG"]
[EventCategory "3"]
[SourceTitle "CBM 116 Extra"]
[Source "ChessBase"]
[SourceDate "2007.03.07"]
[SourceVersion "1"]
[SourceVersionDate "2007.03.07"]
[SourceQuality "1"]

1. e4 c5 2. Nf3 d6 3. d4 cxd4 4. Nxd4 Nf6 5. Nc3 a6 6. f4 e6 7. a4 b6 8. Bd3
Bb7 9. Qf3 Nbd7 10. Bd2 Rc8 11. O-O Be7 12. Rae1 O-O 13. Qh3 Nc5 14. b4 Nxd3
15. cxd3 a5 16. bxa5 bxa5 17. Ncb5 d5 18. e5 Ne8 19. f5 exf5 20. Nxf5 Rc2 21.
Bxa5 Bc5+ 22. d4 Qxa5 23. dxc5 d4 24. c6 Bxc6 25. Ne7+ Kh8 26. Nxc6 Rxc6 27. e6
Nf6 28. Qa3 Qa8 29. e7 Rb8 30. Nxd4 Rc4 31. Rxf6 gxf6 32. Qd6 Kg7 33. Qg3+ Kh6
34. Qh4+ Kg7 35. Nf5+ Kg6 36. Qxc4 Kxf5 37. Rf1+ Ke5 38. Qc5+ Ke6 39. e8=Q+ 1-0

[Event "Necochea-A"]
[Site "Necochea"]
[Date "2007.02.15"]
[Round "3"]
[White "Tristan, Leonardo"]
[Black "Cubas, Jose Fernando"]
[Result "1-0"]
[WhiteElo "2317"]
[BlackElo "2414"]
[PlyCount "81"]
[EventDate "2007.02.14"]
[EventType "tourn"]
[EventRounds "9"]
[EventCountry "ARG"]
[EventCategory "3"]
[SourceTitle "CBM 116 Extra"]
[Source "ChessBase"]
[SourceDate "2007.03.07"]
[SourceVersion "1"]
[SourceVersionDate "2007.03.07"]
[SourceQuality "1"]

1. e4 c6 2. d4 Na6 3. c4 g6 4. Nc3 Bg7 5. Be3 Nc7 6. Qd2 d5 7. cxd5 cxd5 8. e5
h5 9. Bd3 Nh6 10. Nge2 Bf5 11. f3 Bxd3 12. Qxd3 Nf5 13. Bf2 Qd7 14. O-O-O O-O-O
15. Kb1 Kb8 16. h4 Rc8 17. g4 hxg4 18. fxg4 Nh6 19. g5 Nf5 20. Nf4 e6 21. h5
gxh5 22. Nxh5 Rhg8 23. Ng3 Bf8 24. Nxf5 exf5 25. Be3 Be7 26. Rhg1 f4 27. Bxf4
Ne6 28. Qf5 Rc4 29. Be3 Rgc8 30. g6 Ba3 31. g7 Rxc3 32. g8=Q Qb5 33. Qg2 Rxe3
34. Rc1 Rxc1+ 35. Rxc1 a5 36. Qff1 Qb4 37. Ka1 Qxd4 38. Qb5 Qxe5 39. Qg8+ Nf8
40. Qxf7 Be7 41. Qfe8+ 1-0

[Event "Necochea-A"]
[Site "Necochea"]
[Date "2007.02.16"]
[Round "4"]
[White "Cubas, Jose Fernando"]
[Black "Valiente, Cristobal"]
[Result "1/2-1/2"]
[WhiteElo "2414"]
[BlackElo "2281"]
[PlyCount "84"]
[EventDate "2007.02.14"]
[EventType "tourn"]
[EventRounds "9"]
[EventCountry "ARG"]
[EventCategory "3"]
[SourceTitle "CBM 116 Extra"]
[Source "ChessBase"]
[SourceDate "2007.03.07"]
[SourceVersion "1"]
[SourceVersionDate "2007.03.07"]
[SourceQuality "1"]

1. e4 c5 2. Nf3 e6 3. d4 cxd4 4. Nxd4 a6 5. Nc3 Qc7 6. Bd3 Nf6 7. O-O Nc6 8.
Nxc6 bxc6 9. Re1 d5 10. Bg5 Be7 11. e5 Ng8 12. Bd2 c5 13. Na4 c4 14. Bf1 Bd7
15. Nc3 Bc5 16. b3 Ne7 17. bxc4 dxc4 18. Ne4 O-O 19. Qg4 Ng6 20. Nxc5 Qxc5 21.
Qxc4 Rfc8 22. Qxc5 Rxc5 23. c4 Rxe5 24. Red1 Ba4 25. Rdb1 Rc5 26. Rb4 Bc2 27.
Be3 Rcc8 28. Rc1 Be4 29. c5 Bd5 30. Ra4 a5 31. Bd2 Ne7 32. f3 Bc6 33. Rxa5 Rxa5
34. Bxa5 Ra8 35. Rb1 h5 36. Bc7 Rxa2 37. Rb8+ Kh7 38. Bd3+ Nf5 39. Rb6 Bd5 40.
Bb1 Rd2 41. Bf4 Rd4 42. Be3 Rc4 1/2-1/2

[Event "Necochea-A"]
[Site "Necochea"]
[Date "2007.02.17"]
[Round "5"]
[White "Perdomo, Leandro Daniel"]
[Black "Cubas, Jose Fernando"]
[Result "1/2-1/2"]
[WhiteElo "2383"]
[BlackElo "2414"]
[PlyCount "54"]
[EventDate "2007.02.14"]
[EventType "tourn"]
[EventRounds "9"]
[EventCountry "ARG"]
[EventCategory "3"]
[SourceTitle "CBM 116 Extra"]
[Source "ChessBase"]
[SourceDate "2007.03.07"]
[SourceVersion "1"]
[SourceVersionDate "2007.03.07"]
[SourceQuality "1"]

1. d4 d5 2. c4 e6 3. Nc3 Nf6 4. Bg5 Nbd7 5. e3 h6 6. Bh4 Be7 7. Nf3 O-O 8. Qc2
a6 9. cxd5 exd5 10. Bd3 b6 11. O-O Bb7 12. Rad1 Re8 13. Ne5 Nxe5 14. dxe5 Ng4
15. Bg3 Bh4 16. Bh7+ Kh8 17. Bf5 Bxg3 18. hxg3 Nxe5 19. Nxd5 Bxd5 20. e4 c6 21.
exd5 cxd5 22. Be4 Rc8 23. Rxd5 Rxc2 24. Rxd8 Rxd8 25. Bxc2 Rd2 26. Rc1 g6 27.
Kf1 Ng4 1/2-1/2

[Event "Necochea-A"]
[Site "Necochea"]
[Date "2007.02.17"]
[Round "6"]
[White "Cubas, Jose Fernando"]
[Black "Garbarino, Rodolfo"]
[Result "1/2-1/2"]
[WhiteElo "2414"]
[BlackElo "2374"]
[PlyCount "42"]
[EventDate "2007.02.14"]
[EventType "tourn"]
[EventRounds "9"]
[EventCountry "ARG"]
[EventCategory "3"]
[SourceTitle "CBM 116 Extra"]
[Source "ChessBase"]
[SourceDate "2007.03.07"]
[SourceVersion "1"]
[SourceVersionDate "2007.03.07"]
[SourceQuality "1"]

1. e4 c5 2. Nf3 d6 3. d4 cxd4 4. Nxd4 Nf6 5. Nc3 g6 6. Be2 Bg7 7. Nb3 Nc6 8. f4
Qb6 9. h3 h5 10. Rf1 Be6 11. Rf3 Bxb3 12. axb3 Nd4 13. Rd3 Nxe2 14. Kxe2 Qc6
15. Rd4 O-O 16. Be3 b5 17. Qd3 Rfc8 18. Rb4 a6 19. Kd2 e6 20. Rd1 Bf8 21. Rd4
Rab8 1/2-1/2

[Event "Necochea-A"]
[Site "Necochea"]
[Date "2007.02.18"]
[Round "8"]
[White "Cubas, Jose Fernando"]
[Black "Real de Azua, Ernesto"]
[Result "1/2-1/2"]
[WhiteElo "2414"]
[BlackElo "2437"]
[PlyCount "63"]
[EventDate "2007.02.14"]
[EventType "tourn"]
[EventRounds "9"]
[EventCountry "ARG"]
[EventCategory "3"]
[SourceTitle "CBM 116 Extra"]
[Source "ChessBase"]
[SourceDate "2007.03.07"]
[SourceVersion "1"]
[SourceVersionDate "2007.03.07"]
[SourceQuality "1"]

1. e4 c5 2. Nf3 Nc6 3. d4 cxd4 4. Nxd4 Nf6 5. Nc3 e5 6. Ndb5 d6 7. Bg5 a6 8.
Na3 b5 9. Bxf6 gxf6 10. Nd5 f5 11. c3 Bg7 12. exf5 Bxf5 13. Nc2 Be6 14. g3 O-O
15. Bg2 a5 16. O-O f5 17. Qe2 Rb8 18. Rfd1 Qd7 19. Na3 Na7 20. Rd2 Kh8 21. Rad1
Rfd8 22. f4 e4 23. Nc2 Nc6 24. a3 Ne7 25. Nce3 Nxd5 26. Nxd5 b4 27. axb4 axb4
28. c4 b3 29. Bh3 Rbc8 30. Kh1 Qf7 31. Bf1 Rc5 32. Ne3 1/2-1/2

[Event "Necochea-A"]
[Site "Necochea"]
[Date "2007.02.19"]
[Round "9"]
[White "Contin, Daniel"]
[Black "Cubas, Jose Fernando"]
[Result "0-1"]
[WhiteElo "2365"]
[BlackElo "2414"]
[PlyCount "62"]
[EventDate "2007.02.14"]
[EventType "tourn"]
[EventRounds "9"]
[EventCountry "ARG"]
[EventCategory "3"]
[SourceTitle "CBM 116 Extra"]
[Source "ChessBase"]
[SourceDate "2007.03.07"]
[SourceVersion "1"]
[SourceVersionDate "2007.03.07"]
[SourceQuality "1"]

1. c4 e5 2. Nc3 Nf6 3. Nf3 Nc6 4. g3 d5 5. cxd5 Nxd5 6. Bg2 Nb6 7. d3 Be7 8. a3
a5 9. Be3 O-O 10. Rc1 Re8 11. Nd2 Nd4 12. O-O c6 13. f4 exf4 14. Bxf4 Bg4 15.
Nf3 Bxf3 16. Bxf3 Bg5 17. e4 Ne6 18. Bg4 Bxf4 19. gxf4 Qd4+ 20. Kh1 Rad8 21.
Rf3 Nc5 22. Ne2 Qa4 23. Qxa4 Nbxa4 24. Rc4 b5 25. Rc2 Nxd3 26. Rxc6 Naxb2 27.
e5 Nc4 28. a4 Ncxe5 29. fxe5 Nxe5 30. axb5 Nxg4 31. Nc3 Ne5 0-1

[Event "Necochea-B"]
[Site "Necochea"]
[Date "2007.02.20"]
[Round "1"]
[White "Cubas, Jose Fernando"]
[Black "Shcherbine, Andrei"]
[Result "1-0"]
[WhiteElo "2414"]
[BlackElo "2238"]
[PlyCount "51"]
[EventDate "2007.02.20"]
[EventType "tourn"]
[EventRounds "9"]
[EventCountry "ARG"]
[EventCategory "2"]
[SourceTitle "CBM 116 Extra"]
[Source "ChessBase"]
[SourceDate "2007.03.07"]
[SourceVersion "1"]
[SourceVersionDate "2007.03.07"]
[SourceQuality "1"]

1. e4 e5 2. Nf3 Nc6 3. Bc4 Nf6 4. d3 Be7 5. O-O O-O 6. Re1 d6 7. c3 Na5 8. Bb5
a6 9. Ba4 b5 10. Bc2 c5 11. h3 Qc7 12. Nbd2 Nc6 13. Nf1 d5 14. Ne3 d4 15. Nd5
Qd8 16. a4 Rb8 17. axb5 axb5 18. Bb3 Ne8 19. cxd4 cxd4 20. Bd2 Bd6 21. Bg5 Qd7
22. Nh4 Be7 23. Qh5 Bxg5 24. Qxg5 Kh8 25. Rec1 f6 26. Ng6+ 1-0

[Event "Necochea-B"]
[Site "Necochea"]
[Date "2007.02.21"]
[Round "2"]
[White "Cubas, Jose Fernando"]
[Black "Orsini, Antonio"]
[Result "1/2-1/2"]
[WhiteElo "2414"]
[BlackElo "2370"]
[PlyCount "74"]
[EventDate "2007.02.20"]
[EventType "tourn"]
[EventRounds "9"]
[EventCountry "ARG"]
[EventCategory "2"]
[SourceTitle "CBM 116 Extra"]
[Source "ChessBase"]
[SourceDate "2007.03.07"]
[SourceVersion "1"]
[SourceVersionDate "2007.03.07"]
[SourceQuality "1"]

1. e4 e6 2. d4 d5 3. Nc3 Nf6 4. Bg5 Bb4 5. e5 h6 6. Bd2 Bxc3 7. bxc3 Ne4 8. Qg4
g6 9. Qf4 c5 10. Bd3 Bd7 11. h4 Bc6 12. Nf3 Nd7 13. Nh2 g5 14. Qe3 gxh4 15. Nf3
Qb6 16. Nxh4 Qb2 17. O-O cxd4 18. cxd4 Nxd2 19. Qxd2 Qxd4 20. Nf3 Qg4 21. Nh2
Qg7 22. f4 O-O-O 23. Nf3 d4 24. Qe2 Rhg8 25. Rf2 Nc5 26. Bb5 Bd5 27. Bc4 Qg3
28. Bxd5 Rxd5 29. Rd1 Qxf4 30. Nxd4 Qxe5 31. Qxe5 Rxe5 32. Rxf7 Rd5 33. c3 e5
34. Rc1 Nd3 35. Nf5 Nxc1 36. Ne7+ Kd7 37. Nxg8+ Ke6 1/2-1/2

[Event "Necochea-B"]
[Site "Necochea"]
[Date "2007.02.21"]
[Round "3"]
[White "Leskovar Raimondi, Matias"]
[Black "Cubas, Jose Fernando"]
[Result "0-1"]
[WhiteElo "2297"]
[BlackElo "2414"]
[PlyCount "70"]
[EventDate "2007.02.20"]
[EventType "tourn"]
[EventRounds "9"]
[EventCountry "ARG"]
[EventCategory "2"]
[SourceTitle "CBM 116 Extra"]
[Source "ChessBase"]
[SourceDate "2007.03.07"]
[SourceVersion "1"]
[SourceVersionDate "2007.03.07"]
[SourceQuality "1"]

1. d4 d5 2. Nf3 Nf6 3. Bg5 Ne4 4. Bf4 c5 5. e3 Qb6 6. Qc1 cxd4 7. exd4 Nc6 8.
c3 Bf5 9. Nbd2 Rc8 10. Be2 g5 11. Be3 h6 12. Nxe4 Bxe4 13. O-O e6 14. Qd2 f5
15. Ne5 f4 16. Bh5+ Ke7 17. Bxf4 gxf4 18. Qxf4 Nxe5 19. dxe5 Bf5 20. g4 Rc4 21.
Qf3 Rg8 22. h3 Rg5 23. Kh2 Rxh5 24. gxh5 Rh4 25. Qe2 Rxh3+ 26. Kg2 Qc6 27. Rh1
d4+ 28. f3 Rxf3 29. Qxf3 Be4 30. Raf1 dxc3 31. bxc3 Bg7 32. Rh3 Bxe5 33. Re1
Bxf3+ 34. Rxf3 Qd5 35. Re2 Bxc3 0-1

[Event "Necochea-B"]
[Site "Necochea"]
[Date "2007.02.22"]
[Round "4"]
[White "Cubas, Jose Fernando"]
[Black "Valiente, Cristobal"]
[Result "1/2-1/2"]
[WhiteElo "2414"]
[BlackElo "2281"]
[PlyCount "59"]
[EventDate "2007.02.20"]
[EventType "tourn"]
[EventRounds "9"]
[EventCountry "ARG"]
[EventCategory "2"]
[SourceTitle "CBM 116 Extra"]
[Source "ChessBase"]
[SourceDate "2007.03.07"]
[SourceVersion "1"]
[SourceVersionDate "2007.03.07"]
[SourceQuality "1"]

1. e4 g6 2. d4 Bg7 3. Nc3 d6 4. Be3 c6 5. Qd2 b5 6. h3 Nd7 7. f4 b4 8. Nd1 Ngf6
9. Nf2 Rb8 10. g4 O-O 11. Nf3 c5 12. g5 Nh5 13. Bd3 Bb7 14. Rg1 cxd4 15. Bxd4
Nxf4 16. Bxg7 Nxd3+ 17. cxd3 Kxg7 18. Qxb4 Qb6 19. Qxb6 Nxb6 20. Rc1 Rbc8 21.
Kd2 e5 22. Ng4 Nd7 23. Rcf1 Nc5 24. Nf6 h6 25. h4 Ba6 26. Ne1 hxg5 27. hxg5 Rh8
28. Ng4 Rh3 29. Rf6 Bxd3 30. Nxd3 1/2-1/2

[Event "Necochea-B"]
[Site "Necochea"]
[Date "2007.02.23"]
[Round "5"]
[White "Aguilar, Andres"]
[Black "Cubas, Jose Fernando"]
[Result "0-1"]
[WhiteElo "2258"]
[BlackElo "2414"]
[PlyCount "110"]
[EventDate "2007.02.20"]
[EventType "tourn"]
[EventRounds "9"]
[EventCountry "ARG"]
[EventCategory "2"]
[SourceTitle "CBM 116 Extra"]
[Source "ChessBase"]
[SourceDate "2007.03.07"]
[SourceVersion "1"]
[SourceVersionDate "2007.03.07"]
[SourceQuality "1"]

1. e4 e6 2. d4 d5 3. Nc3 Nf6 4. e5 Nfd7 5. f4 c5 6. Nf3 Nc6 7. Be3 a6 8. Qd2 b5
9. dxc5 Bxc5 10. Bxc5 Nxc5 11. Qf2 Qb6 12. Bd3 b4 13. Ne2 a5 14. O-O Ne7 15.
Ng3 g6 16. Ne2 Ba6 17. Kh1 Rb8 18. Bxa6 Nxa6 19. Ned4 Nc5 20. Rad1 Na4 21. Rb1
Nc5 22. Rbd1 h6 23. Qh4 Kd7 24. c4 bxc3 25. bxc3 Qa6 26. c4 Qxc4 27. Rc1 Qa6
28. Qf6 Rh7 29. Nd2 Rc8 30. Rb1 Ke8 31. Nb5 Kf8 32. Nd6 Nd7 33. Qh4 Nf5 34.
Nxf5 exf5 35. Rfc1 Rh8 36. Rxc8+ Qxc8 37. e6 fxe6 38. Nf3 Kf7 39. Qe1 Qc7 40.
Rc1 Qxf4 41. Rc6 Qe4 42. Qc1 Rb8 43. Qxh6 Rb1+ 44. Rc1 Rxc1+ 45. Qxc1 Qc4 46.
Qe1 e5 47. h3 e4 48. Ng5+ Kf6 49. Nh7+ Kg7 50. Qh4 Qc1+ 51. Kh2 Qc7+ 52. Kh1
Qe5 53. Qd8 Kxh7 54. Qxd7+ Kh6 55. Qb5 e3 0-1

[Event "Necochea-B"]
[Site "Necochea"]
[Date "2007.02.23"]
[Round "6"]
[White "Cubas, Jose Fernando"]
[Black "Granara Barreto, Sebastian A"]
[Result "1-0"]
[WhiteElo "2414"]
[BlackElo "2253"]
[PlyCount "91"]
[EventDate "2007.02.20"]
[EventType "tourn"]
[EventRounds "9"]
[EventCountry "ARG"]
[EventCategory "2"]
[SourceTitle "CBM 116 Extra"]
[Source "ChessBase"]
[SourceDate "2007.03.07"]
[SourceVersion "1"]
[SourceVersionDate "2007.03.07"]
[SourceQuality "1"]

1. e4 c5 2. Nf3 d6 3. d4 cxd4 4. Nxd4 Nf6 5. Nc3 g6 6. Be2 Bg7 7. Nb3 Nc6 8.
Be3 O-O 9. f4 Be6 10. g4 Na5 11. g5 Ne8 12. Bd4 f5 13. gxf6 Nxf6 14. Rg1 Kh8
15. Nxa5 Qxa5 16. Qd2 Bf7 17. Rg5 Qc7 18. O-O-O Rad8 19. Qe3 e5 20. fxe5 dxe5
21. Bxe5 Rxd1+ 22. Bxd1 Qe7 23. Bd4 Rd8 24. Rg2 Kg8 25. Bxa7 b5 26. a3 b4 27.
axb4 Qxb4 28. Rd2 Rxd2 29. Qxd2 Qa5 30. Qe3 Qa1+ 31. Kd2 Qxb2 32. Qb6 Qxc3+ 33.
Kxc3 Nd5+ 34. Kd3 Nxb6 35. Bxb6 Be5 36. h3 h5 37. Bd4 Bc7 38. Bf6 Be6 39. h4
Kf7 40. e5 Bf5+ 41. Kd4 Ke6 42. c4 Bg4 43. Bxg4+ hxg4 44. Ke4 g3 45. Kf3 Kf5
46. Kxg3 1-0